000 00399nam a2200133Ia 4500
005 20260328104307.0
008 260328s9999||||xx |||||||||||||| ||und||
100 _aRojas, Lucy
245 0 _aCómo representar la Edificación en Dibujos axonométricos /
_cLucy Rojas
260 _bUniversidad Colegio Mayor de Cundinamarca
300 _a118 p.
650 _aPROYECCIÓN AXONOMÉTRICA
942 _cBK
999 _c10793
_d10793